Como una mujer, la imagen fotográfica.

Guardat en:
Dades bibliogràfiques
Autor principal: Ferrer, Rita (autora)
Format: Llibre
Idioma:espanyol
Publicat: Valparaíso, Chile: Aguaderramada, 2023.
Edició:Primera edición.
Col·lecció:Colección Taller Visual.
Matèries:
Etiquetes: Afegir etiqueta
Sense etiquetes, Sigues el primer a etiquetar aquest registre!

MARC

LEADER 00000nam a22000007a 4500
003 CL-VaPUC
005 20250321101928.0
008 250121t2023 ||||| |||| 00| 0 spa d
999 |c 446713  |d 446711 
020 |a 978-956-9996-07-8 
040 |c Pontificia Universidad Católica de Valparaíso 
082 |2 22  |a 779.24 FER 2023 
100 |9 895677  |a Ferrer, Rita  |e autora 
245 |a Como una mujer, la imagen fotográfica. 
250 |a Primera edición. 
260 |a Valparaíso, Chile:  |b Aguaderramada,  |c 2023. 
300 |a 66 páginas. 
490 |a Colección Taller Visual. 
500 |a c.1 Instituto Arcos. 08-01-2025 
583 |c 20250121  |k Yessy Sthefany Diaz Vidal 
650 0 |9 268495  |a Fotografía  |x Feminismo, mujeres, etc.  |z Chile 
650 0 |9 886910  |a Manifestaciones sociales   |v Fotografías  |y Siglo 21  |z Chile 
942 |2 ddc  |c BK  |n 0 
952 |0 0  |1 0  |2 ddc  |4 0  |6 779_240000000000000_FER_2023  |7 0  |8 A  |9 599676  |a BIBINC  |b BIBINC  |d 2025-01-21  |e Instituto Arcos  |i 5664505  |o 779.24 FER 2023  |p 5664505  |r 2025-01-21  |t 1  |w 2025-01-21  |y BK  |k IFP